Every Scrabble Letter Worth Five or More Points - Statistics

General Stats
  • This quiz has been taken 9 times
  • The average score is 5 of 5
Answer Stats
Score Answer % Correct
10 Q
100%
8 X
100%
10 Z
100%
8 J
86%
5 K
71%
No matching quizzes found
Score Distribution
Percent of People with Each Score
Percentile by Number Answered
Your Score History
You have not taken this quiz